000 00356nam a2200133Ia 4500
008 240624s9999 xx 000 0 und d
041 _aeng
082 _a330.0954 WAD
100 _aWADHVA CHARAN D
245 _aECONOMIC REFORMS IN INDIA AND THE MARKET
260 _c1994
_aNew Delhi
_bAllied Publishers
300 _axxix, : 285p. ; 25cm.
365 _cRS
_b25
999 _c4302
_d4302